02215nam a2200253 i 4500001001300000003000900013005001700022008004100039020002800080040002800108082003400136100004600170240003800216245015200254260003900406300002200445490005200467520117200519546003501691655011901726700004201845700004101887700003301928000000041888IT-MiSPE20200907085048.0041027s1994 xx u000 u ita c a9788807821080c8.00 EUR aIT-MiSPEbitacIT-MiSPE00a193-FEU lu es (axa 23276)2201 aFeuerbach, Ludwigeautore4autd1804-187210aWesen des Christentums.lItaliano12aL'essenza del cristianesimo /cLudwig Feuerbach ; prefazione di Antonio Banfi; introduzione di Alberto Burgio; traduzione e cura di Camilla Cometti aMilano :bFeltrinelli,c2008 (2a). a293 p. ;c19,5 cm1 aUniversala Economica Feltrinelli - I Classici ; aUn'opera "indipendente, nuova, in sé conchiusa", così Feuerbach definisce "L'essenza del cristianesimo" nel sottoporne il manoscritto all'editore Wigand di Lipsia. È il gennaio 1841: dopo pochi mesi vede la luce l'opera che sancirà la rottura della Scuola hegeliana e rivoluzionerà la scena filosofica tedesca. La novità non stava solo nel principio ispiratore della critica "antropologica" della religione, nell'idea che Dio è "l'intimo rivelato dell'uomo" e che "il mistero della religione" consiste in un movimento proiettivo della coscienza alienata in virtù del quale "l'uomo oggettiva la propria essenza per far di sé l'oggetto di tale essenza oggettivata e personificata". Nuova era anche la concezione della filosofia che, nel radicalizzare la critica antispeculativa a Hegel, Feuerbach traeva da queste premesse. Dalla dissacrazione del dogma prendeva forma, insieme all'immagine di una religione laica dell'umanità incentrata sul recupero dei "vincoli naturali della specie", l'idea di una teoria fondata sul "rapporto reale dell'uomo con l'uomo" nella quale il giovane Marx vide la fonte della "scienza reale" e del "vero materialismo". aTraduzione di Camilla Cometti. aFilosofi di lingua tedesca. Generalità e filosofi fino al 1920xFilosofi 1801-1920: Feuerbach Ludwig, 1804-1872. aBanfi, Antoniod1886-1957eprefazione aBurgio, Albertod1955-eintroduzione aCometti, CamillaeTraduzione